| Tag |
First Indicator |
Second Indicator |
Subfields |
| LEADER |
00000cas a2200000Ka 4500 |
| 001 |
in00002478021 |
| 005 |
20151110095800.0 |
| 006 |
m d |
| 007 |
cr un||||||||| |
| 008 |
050822c19999999ag fr pss 0 0spa d |
| 022 |
|
|
|a 1851-1740
|y 1514-8327
|
| 029 |
0 |
|
|a OCLCS
|b 93579
|
| 029 |
1 |
|
|a OCLCS
|b OP-15168
|
| 035 |
|
|
|a (OCoLC)ocm61314261
|
| 035 |
|
|
|a (OCoLC)61314261
|
| 040 |
|
|
|a OCLCS
|c OCLCS
|d OCLCS
|d TXA
|d UtOrBLW
|
| 041 |
0 |
|
|a spa
|b eng
|
| 043 |
|
|
|a cl-----
|a s-ag---
|
| 049 |
|
|
|a TXAM
|
| 050 |
|
4 |
|a Z671
|b .I576 Electronic
|
| 130 |
0 |
|
|a Información, cultura y sociedad (Online)
|
| 245 |
1 |
0 |
|a Información, cultura y sociedad.
|
| 264 |
|
1 |
|a Buenos Aires :
|b Universidad de Buenos Aires, Facultad de Filosofía y Letras, Instituto de Investigaciones Bibliotecológicas.
|
| 310 |
|
|
|a Semiannual
|
| 336 |
|
|
|a text
|b txt
|2 rdacontent
|
| 337 |
|
|
|a computer
|b c
|2 rdamedia
|
| 338 |
|
|
|a online resource
|b cr
|2 rdacarrier
|
| 362 |
1 |
|
|a Print began with No. 1 (1999).
|
| 500 |
|
|
|a Publisher: Universidad de Buenos Aires, Facultad de Filosofía y Letras, Instituto de Investigaciones Bibliotecológicas, GREBYD, <2001->
|
| 500 |
|
|
|a Description based on print version record.
|
| 530 |
|
|
|a Also issued in print.
|
| 538 |
|
|
|a Mode of access: World Wide Web.
|
| 546 |
|
|
|a Text in Spanish, summaries in English and Spanish.
|
| 500 |
|
|
|a Electronic resource.
|
| 650 |
|
0 |
|a Library science
|v Periodicals.
|
| 650 |
|
0 |
|a Library science
|z Latin America
|v Periodicals.
|
| 650 |
|
0 |
|a Library science
|z Argentina
|v Periodicals.
|
| 650 |
|
0 |
|a Libraries
|z Latin America
|v Periodicals.
|
| 650 |
|
0 |
|a Libraries
|z Argentina
|v Periodicals.
|
| 710 |
2 |
|
|a Universidad de Buenos Aires.
|b Instituto de Investigaciones Bibliotecológicas.
|
| 776 |
1 |
|
|t Información, cultura y sociedad
|x 1514-8327
|w (DLC) 00240276
|w (OCoLC)43731850
|
| 948 |
|
|
|a cataloged
|b h
|c 2009/4/24
|d c
|e spoltoratski
|
| 994 |
|
|
|a C0
|b TXA
|
| 999 |
|
|
|a MARS
|
| 999 |
f |
f |
|s ede970b5-0d36-3db5-bf0a-9413ec218b29
|i 7803f8ea-ec0c-328d-b25e-8578551e7456
|t 0
|
| 952 |
f |
f |
|a Texas A&M University
|b College Station
|c Electronic Resources
|d Available Online
|t 0
|e Z671 .I576
|g Electronic
|h Library of Congress classification
|
| 998 |
f |
f |
|a Z671 .I576
|t 0
|l Available Online
|